Zahraničné zastúpenie hospodárskej diplomacie vo vybraných štátoch (v štáte Izrael) diplomová práca

Enregistré dans:
Détails bibliographiques
Auteur principal: Jedličková, Mária
Collectivité auteur: Ekonomická univerzita v Bratislave. Fakulta medzinárodných vzťahov
Autres auteurs: Tóth, Ľudovít
Format: Livre
Langue:slovaque
Publié: Bratislava 2010
Tags: Ajouter un tag
Pas de tags, Soyez le premier à ajouter un tag!

MARC

LEADER 00000nam a2200000 4500
001 0121449
005 20240318123940.0
041 0 |a slo 
044 |a SK 
245 1 0 |a Zahraničné zastúpenie hospodárskej diplomacie vo vybraných štátoch (v štáte Izrael)  |b diplomová práca  |c Mária Jedličková ; škol. Ľudovít Tóth 
264 1 |a Bratislava  |c 2010 
300 |a 59 s. 
100 1 |a Jedličková, Mária 
700 1 |a Tóth, Ľudovít 
710 2 |a Ekonomická univerzita v Bratislave. Fakulta medzinárodných vzťahov